000 00830 a2200217 4500
999 _c183548
_d183548
005 20211228144855.0
010 _aENG-130712
020 _a978-93-5252-695-6
_c1495.00
035 _aEN-114244
037 _bDBAD/PUB
082 _a337.11824
245 _aCross-Cultural Networking In The Eastern Indian Ocean Realm, c.100-1800
_cKenneth R. Hall & Suchandra Ghosh & Kaushik Gangopadhyay & Rila Mukherjee
260 _aDelhi
_bPrimus Books
_c2020
270 _aVirat Bhawan, Mukherjee Nagar, Commercial Complex
_bDelhi
_e110009
300 _aix-xv, 340p.
_c24cm (hbk)
_bEditors, Contributers, Maps, Graphs, Figures, Plates and Tables
700 _aHall, Kenneth R.
700 _aGhosh, Suchandra
700 _aGangopadhyay, Kaushik
700 _aMukherjee, Rila
942 _adpl
_cEN
_2ddc
_h337.11824
_mHALL